| 000 | 01220nam a2200289 i 4500 | ||
|---|---|---|---|
| 003 | EG-ScBUE | ||
| 005 | 20240815112724.0 | ||
| 008 | 100414s2007 ua f b 000 0 ara d | ||
| 017 | _a2007 / 25200 | ||
| 020 | _a977180530 | ||
| 040 |
_aEG-ScBUE _bara _erda _cEG-ScBUE _dEG-ScBUE |
||
| 043 | _af-ua--- | ||
| 082 | 0 | 4 |
_222 _a962.03 _bن ج م |
| 100 | 1 |
_913522 _aشمس الدين، زين العابدين، _eمؤلف. |
|
| 245 | 1 | 2 |
_aالدولة والمجتمع في مصر في القرن التاسع عشر / _cتأليف د. زين العابدين شمس الدين نجم. |
| 264 | 1 |
_aالقاهرة : _bدار الكتب والوثائق القومية، _c2007. |
|
| 300 |
_a255 صفحة ؛ _c24 سم. |
||
| 336 |
_2rdacontent _aنص _btxt |
||
| 337 |
_aبدون وسيط _2rdamedia _bn |
||
| 338 |
_aمجلد _bnc _2rdacarrier |
||
| 490 | 0 |
_aمصر النهضة ؛ _v70 |
|
| 504 | _aيشتمل على إرجاعات ببليوجرافية. | ||
| 651 | 7 |
_913382 _aمصر _xتاريخ _yالعصر الحديث _yعصر محمد علي 1805-1849. _2BUEsh |
|
| 651 | 7 |
_913673 _aمصر _xتاريخ _yالعصر الحديث _yعصر إسماعيل 1863-1879. _2BUEsh |
|
| 655 | _vReading book | ||
| 942 |
_2ddc _cBB |
||
| 999 |
_c13890 _d13890 |
||